Things That Fly - Sudden Death - Statistics

General Stats
  • This quiz has been taken 149 times
  • The average score is 6 of 15
Answers on the Grid
Answers color-coded by a green-red scale on the quiz's grid according to % correct below.
Aeroplane
Aerosledge
Autogyro
Automobile
Blimp
Caracara
Cassowary
Catamaran
Clipper
Crane
Dinghy
Dirigible
Frigatebird
Gyrodyne
Gyroscope
Hornet
Impala
Kestrel
Mamba
Midge
Monarch
Pangolin
Paraglider
Parasol
Pitcher
Rail
Schooner
Scoter
Sloop
Velomobile
 
Answer Stats
Answer % Correct
Aeroplane
96%
Blimp
73%
Hornet
65%
Paraglider
59%
Crane
55%
Kestrel
48%
Monarch
40%
Frigatebird
38%
Midge
34%
Dirigible
29%
Autogyro
18%
Caracara
16%
Gyrodyne
10%
Scoter
10%
Rail
8%
No matching quizzes found
Score Distribution
Percent of People with Each Score
Percentile by Number Answered
Your Score History
You have not taken this quiz